[Event "Nikaia op 28th"]
[Site "Nikaia"]
[Date "2021.08.23"]
[Round "3"]
[White "Pavlidis, Anastasios"]
[Black "Tsomis, Dimitrios"]
[Result "1-0"]
[WhiteElo "2340"]
[BlackElo "1866"]
[PlyCount "97"]
[EventDate "2021.08.21"]
[EventType "swiss"]
[EventRounds "7"]
[EventCountry "GRE"]
[SourceTitle "CBM 204 Extra"]
[Source "ChessBase"]
[SourceDate "2021.11.30"]
[SourceVersion "1"]
[SourceVersionDate "2021.11.30"]
[SourceQuality "1"]

1. d4 Nf6 2. c4 e5 3. dxe5 Ng4 4. Bf4 Nc6 5. Nf3 Bb4+ 6. Nbd2 Qe7 7. e3 Ngxe5 8. Nxe5 Nxe5 9. Be2 0-0 10. 0-0 Bxd2 11. Qxd2 d6 12. Qd5 Re8 13. Rfd1 Nd7 14. Rac1 a5 15. Bd3 Nc5 16. Qh5 Nxd3 17. Rxd3 b6 18. Qf3 Qe4 19. Qxe4 Rxe4 20. c5 bxc5 21. Rxc5 Ba6 22. Rxa5 Rae8 23. Rxa6 Rxf4 24. Rc3 Rb4 25. b3 Rb7 26. Rac6 Ra7 27. a4 Re7 28. Rxd6 f5 29. Rdc6 Kf7 30. Kf1 Ke8 31. R6c5 g6 32. Ke2 Kd7 33. Rd3+ Kc8 34. Rd4 Ra6 35. a5 c6 36. b4 Kb7 37. Kf3 Ra8 38. Rd6 Ra6 39. b5 cxb5 40. Rxb5+ Ka7 41. Rxa6+ Kxa6 42. Rd5 Re4 43. h3 Re6 44. Kf4 h6 45. f3 Kb7 46. Rb5+ Kc7 47. Rb6 g5+ 48. Kxf5 Rxe3 49. Rxh6 1-0

[Event "GRE-chT 45th"]
[Site "Achaia"]
[Date "2017.07.03"]
[Round "1.3"]
[White "Georgiadis, Nico"]
[Black "Tsomis, Dimitrios"]
[Result "1-0"]
[WhiteElo "2496"]
[BlackElo "1969"]
[PlyCount "89"]
[EventDate "2017.07.03"]
[EventType "team-swiss"]
[EventRounds "7"]
[EventCountry "GRE"]
[SourceTitle "CBM 179 Extra"]
[Source "ChessBase"]
[SourceDate "2017.08.23"]
[SourceVersion "1"]
[SourceVersionDate "2017.08.23"]
[SourceQuality "1"]
[WhiteTeam "Thessaloniki HS"]
[BlackTeam "Peiraikos PG"]
[WhiteTeamCountry "GRE"]
[BlackTeamCountry "GRE"]

1. e4 c5 2. Nf3 d6 3. d4 cxd4 4. Nxd4 Nf6 5. Nc3 a6 6. Bc4 e6 7. Bb3 Qc7 8. f4 Nc6 9. Be3 Na5 10. 0-0 Be7 11. Ba4+ Bd7 12. Bxd7+ Qxd7 13. Qe2 Rc8 14. e5 dxe5 15. fxe5 Nd5 16. Qf3 0-0 17. Nxd5 Qxd5 18. Nf5 Bc5 19. Qxd5 Bxe3+ 20. Kh1 exd5 21. Ne7+ Kh8 22. Nxc8 Rxc8 23. Rxf7 Kg8 24. Rd7 Nc6 25. Rxd5 Re8 26. Rd7 Nxe5 27. Rxb7 Ng4 28. g3 Rf8 29. h3 Nf2+ 30. Kg2 Ne4 31. Rf1 Rd8 32. Re7 Nd2 33. Rxe3 Nxf1 34. Kxf1 Rd2 35. Re2 Rd1+ 36. Kf2 Kf7 37. h4 h5 38. a4 Kf6 39. a5 Rb1 40. b3 Ra1 41. b4 Rb1 42. Re4 Kf5 43. Rc4 g6 44. c3 Rb2+ 45. Kf3 1-0

[Event "EU-chT Seniors 50"]
[Site "Chalkidiki"]
[Date "2016.04.26"]
[Round "6.4"]
[White "Tsomis, Dimitrios"]
[Black "Lanzani, Mario"]
[Result "1/2-1/2"]
[WhiteElo "1972"]
[BlackElo "2311"]
[PlyCount "33"]
[EventDate "2016.04.19"]
[EventType "team-tourn"]
[EventRounds "7"]
[EventCountry "GRE"]
[SourceTitle "CBM 172 Extra"]
[Source "ChessBase"]
[SourceDate "2016.06.21"]
[SourceVersion "1"]
[SourceVersionDate "2016.06.21"]
[SourceQuality "1"]
[WhiteTeam "Greece"]
[BlackTeam "Italy"]
[WhiteTeamCountry "GRE"]
[BlackTeamCountry "ITA"]

1. e4 c5 2. Nf3 d6 3. d4 cxd4 4. Nxd4 Nf6 5. Nc3 e6 6. Be2 Be7 7. Be3 0-0 8. 0-0 Nc6 9. Kh1 Nxd4 10. Bxd4 b6 11. f4 Bb7 12. Bf3 Qc8 13. Qe1 Bc6 14. Rd1 Qb7 15. a3 Rad8 16. Qg3 g6 17. f5 1/2-1/2

[Event "GRE-chT 43rd"]
[Site "Porto Rio"]
[Date "2015.10.08"]
[Round "2.2"]
[White "Hrisomalis, Theodoros"]
[Black "Tsomis, Dimitrios"]
[Result "1/2-1/2"]
[WhiteElo "2131"]
[BlackElo "1974"]
[PlyCount "70"]
[EventDate "2015.10.08"]
[EventType "team-swiss"]
[EventRounds "7"]
[EventCountry "GRE"]
[SourceTitle "CBM 168 Extra"]
[Source "ChessBase"]
[SourceDate "2015.10.29"]
[SourceVersion "1"]
[SourceVersionDate "2015.10.29"]
[SourceQuality "1"]
[WhiteTeam "Kavalas"]
[BlackTeam "Piraikos"]
[WhiteTeamCountry "GRE"]
[BlackTeamCountry "GRE"]

1. e4 c5 2. c3 Nf6 3. e5 Nd5 4. d4 cxd4 5. Nf3 e6 6. cxd4 b6 7. Nc3 Nxc3 8. bxc3 Qc7 9. Bd2 d6 10. Bd3 Nd7 11. 0-0 dxe5 12. Nxe5 Nxe5 13. Bf4 Bb7 14. Bxe5 Bd6 15. Bb5+ Ke7 16. Re1 Bxe5 17. Rxe5 Rad8 18. Qc1 f6 19. Re3 Kf7 20. Qa3 Rd5 21. Be2 h5 22. Re1 Re8 23. Qb3 Rg5 24. Bf3 Bxf3 25. Rxf3 Qc6 26. c4 Kg6 27. Qd3+ Kh6 28. Rg3 Rxg3 29. hxg3 e5 30. d5 Qd7 31. Rd1 Qd6 32. Re1 Rc8 33. Rd1 g6 34. a4 Kg7 35. Qb3 Rc7 1/2-1/2

[Event "Nikaia op 22nd"]
[Site "Nikaia"]
[Date "2014.09.02"]
[Round "9"]
[White "Tsomis, Dimitrios"]
[Black "Bouboulis, Spyridon Odysseys"]
[Result "1/2-1/2"]
[WhiteElo "1987"]
[BlackElo "1801"]
[PlyCount "128"]
[EventDate "2014.08.26"]
[EventType "swiss"]
[EventRounds "9"]
[EventCountry "GRE"]
[SourceTitle "CBM 162 Extra"]
[Source "ChessBase"]
[SourceDate "2014.10.17"]
[SourceVersion "1"]
[SourceVersionDate "2014.10.17"]
[SourceQuality "1"]

1. e4 c5 2. Nf3 e6 3. d4 cxd4 4. Nxd4 a6 5. Nc3 Qc7 6. Bd3 Nf6 7. 0-0 Bc5 8. Nb3 Be7 9. f4 d6 10. Qe2 Nbd7 11. Bd2 b5 12. Rae1 e5 13. Nd5 Nxd5 14. exd5 0-0 15. Kh1 Bb7 16. fxe5 dxe5 17. Nd4 g6 18. Nc6 Bxc6 19. dxc6 Qxc6 20. Be4 Qe6 21. Bxa8 Rxa8 22. Bc3 Bd6 23. Rd1 Nb6 24. Qe4 Re8 25. Qc6 Bf8 26. Qxe6 Rxe6 27. b3 Be7 28. Rfe1 f6 29. Ba5 Kf7 30. g3 Ke8 31. Bxb6 Rxb6 32. Re2 Bd6 33. Rd5 Ke7 34. c4 bxc4 35. bxc4 Rc6 36. Rc2 Ke6 37. Ra5 Bc5 38. Kg2 e4 39. Kf1 f5 40. Ke2 Bg1 41. h4 Bc5 42. Ra4 h6 43. Rd2 Bd6 44. Kf2 e3+ 45. Kxe3 Bxg3 46. Rg2 g5 47. hxg5 hxg5 48. Kf3 Bf4 49. Re2+ Kf6 50. Re8 Bc7 51. Ra8 g4+ 52. Kg2 a5 53. Rc8 Ke6 54. Rxa5 Kd7 55. Rxc7+ Rxc7 56. Rxf5 Rxc4 57. Ra5 Kc6 58. Kg3 Kb6 59. Ra8 Kb5 60. Rb8+ Ka4 61. Rg8 Kb5 62. Rg5+ Kb4 63. Rg8 Ka3 64. Ra8+ Ra4 1/2-1/2

[Event "Nikaia op 22nd"]
[Site "Nikaia"]
[Date "2014.08.30"]
[Round "5"]
[White "Tsomis, Dimitrios"]
[Black "Ropokis, Dimitrios"]
[Result "1-0"]
[WhiteElo "1987"]
[BlackElo "1678"]
[PlyCount "77"]
[EventDate "2014.08.26"]
[EventType "swiss"]
[EventRounds "9"]
[EventCountry "GRE"]
[SourceTitle "CBM 162 Extra"]
[Source "ChessBase"]
[SourceDate "2014.10.17"]
[SourceVersion "1"]
[SourceVersionDate "2014.10.17"]
[SourceQuality "1"]

1. e4 b6 2. d4 Bb7 3. Bd3 e6 4. Nf3 Nf6 5. Nbd2 c5 6. c3 d6 7. 0-0 Be7 8. Re1 0-0 9. Nf1 cxd4 10. cxd4 Ba6 11. Ng3 Bxd3 12. Qxd3 Nbd7 13. Bd2 h6 14. Rac1 Rc8 15. Qa6 Rxc1 16. Rxc1 Qb8 17. Bb4 Rd8 18. e5 Nd5 19. Bxd6 Bxd6 20. exd6 Nb4 21. Qa4 Qxd6 22. Qxa7 Nd3 23. Rc2 e5 24. h3 exd4 25. Nf5 Qf6 26. N5xd4 N7c5 27. Nb3 Nxb2 28. Nxc5 Rd1+ 29. Kh2 bxc5 30. Qb8+ Kh7 31. Rxb2 Rd6 32. Qb3 Qf4+ 33. g3 Qf6 34. Kg2 Rc6 35. Qc2+ g6 36. Rb7 Rb6 37. Rc7 Rb2 38. Qxc5 Rxa2 39. Qc4 1-0

[Event "Nikaia op 21st"]
[Site "Nikaia"]
[Date "2013.08.31"]
[Round "6"]
[White "Tsomis, Dimitrios"]
[Black "Korniotis, Filippos"]
[Result "0-1"]
[WhiteElo "2073"]
[BlackElo "1931"]
[PlyCount "60"]
[EventDate "2013.08.26"]
[EventType "swiss"]
[EventRounds "9"]
[EventCountry "GRE"]
[SourceTitle "CBM 156 Extra"]
[Source "ChessBase"]
[SourceDate "2013.10.22"]
[SourceVersion "1"]
[SourceVersionDate "2013.10.22"]
[SourceQuality "1"]

1. e4 d5 2. exd5 Nf6 3. d4 Bg4 4. f3 Bf5 5. Bb5+ Nbd7 6. c4 e6 7. Nc3 exd5 8. cxd5 Bb4 9. Nge2 0-0 10. 0-0 Nb6 11. Bg5 Nbxd5 12. Nxd5 Qxd5 13. Ba4 Nh5 14. Bb3 Qb5 15. a4 Qd7 16. g4 Bxg4 17. fxg4 Qxg4+ 18. Ng3 Qxg5 19. Qd3 Nxg3 20. hxg3 Rae8 21. Rf3 Qd2 22. Qc4 Re3 23. Rd1 Qe2 24. Rxe3 Qxe3+ 25. Kg2 Be1 26. Rd3 Qf2+ 27. Kh3 Qf5+ 28. Kg2 Qf2+ 29. Kh3 Qf1+ 30. Kh2 Re8 0-1

[Event "GRE-chT 40th"]
[Site "Achaia"]
[Date "2012.07.01"]
[Round "3.7"]
[White "Kanellopoulos, Panayotis"]
[Black "Tsomis, Dimitrios"]
[Result "1-0"]
[WhiteElo "2248"]
[BlackElo "2144"]
[PlyCount "81"]
[EventDate "2012.06.30"]
[EventType "team-swiss"]
[EventRounds "7"]
[EventCountry "GRE"]
[SourceTitle "CBM 149 Extra"]
[Source "ChessBase"]
[SourceDate "2012.08.24"]
[SourceVersion "1"]
[SourceVersionDate "2012.08.24"]
[SourceQuality "1"]
[WhiteTeam "Patron"]
[BlackTeam "Peiraikos"]
[WhiteTeamCountry "GRE"]
[BlackTeamCountry "GRE"]

1. Nf3 c5 2. c4 Nc6 3. Nc3 g6 4. g3 Bg7 5. Bg2 d6 6. 0-0 Nf6 7. d4 cxd4 8. Nxd4 Bd7 9. Nc2 0-0 10. e4 Rc8 11. Ne3 a6 12. Qe2 Ne5 13. Re1 h5 14. h3 Be6 15. Ncd5 Bxd5 16. exd5 Re8 17. Bd2 a5 18. Rac1 Ned7 19. Bc3 Nc5 20. Red1 Qc7 21. b3 b6 22. Qb2 Ncd7 23. g4 hxg4 24. hxg4 Bh6 25. Qe2 Ne5 26. Rd4 Bg7 27. g5 Nh7 28. Rh4 f5 29. f4 Nf7 30. Nxf5 Bxc3 31. Rxc3 Nf8 32. Nh6+ Nxh6 33. Rxh6 Qc5+ 34. Qe3 Kg7 35. Bh3 Rc7 36. Kg2 Qxe3 37. Rxe3 b5 38. Be6 bxc4 39. Reh3 Nxe6 40. Rh7+ Kf8 41. dxe6 1-0

[Event "Piraeus-ch 46th"]
[Site "PIraeus"]
[Date "2011.11.16"]
[Round "2.1"]
[White "Tsomis, Dimitrios"]
[Black "Koutrakis, Stamatios"]
[Result "1-0"]
[WhiteElo "2170"]
[BlackElo "1956"]
[PlyCount "113"]
[EventDate "2011.11.12"]
[EventType "swiss"]
[EventRounds "7"]
[EventCountry "GRE"]
[SourceTitle "EXT 2024"]
[Source "ChessBase"]
[SourceDate "2023.10.10"]
[SourceVersion "1"]
[SourceVersionDate "2023.10.10"]
[SourceQuality "1"]

1. e4 b6 2. d4 Bb7 3. Bd3 g6 4. Nf3 Bg7 5. 0-0 e6 6. Re1 d6 7. Nbd2 Nd7 8. Nf1 Ne7 9. Ng3 a6 10. c3 h6 11. Be3 c5 12. Qd2 Qc7 13. Rad1 c4 14. Bc2 b5 15. h3 Nf6 16. a3 Kf8 17. Bf4 g5 18. Bxd6 Qxd6 19. e5 Qc7 20. exf6 Bxf6 21. Ne5 Nd5 22. Nh5 Bxe5 23. Rxe5 Ke7 24. Rde1 Kd6 25. Be4 Rad8 26. Bxd5 Bxd5 27. Nf6 Kc6 28. Qe3 Kb7 29. Nxd5 Rxd5 30. Rxd5 exd5 31. Qf3 Rd8 32. Re5 Kc6 33. Rf5 Rd6 34. Rxf7 Qd8 35. g3 Qe8 36. Kg2 Kb6 37. Rf5 Ka5 38. Re5 Qg6 39. Qf8 Ka4 40. Qf3 Qd3 41. Re3 Qc2 42. Qf8 Qg6 43. Qe7 Kb3 44. Re2 Qd3 45. Qe5 Qg6 46. Rd2 Qe6 47. Qe2 Qe4+ 48. Qxe4 dxe4 49. Kf1 a5 50. Ke2 b4 51. axb4 axb4 52. cxb4 Kxb4 53. Ke3 c3 54. bxc3+ Kxc3 55. Rd1 Rf6 56. d5 Kc4 57. d6 1-0

[Event "GRE-chT 39th"]
[Site "Eretria"]
[Date "2011.07.07"]
[Round "6.13"]
[White "Tsomis, Dimitrios"]
[Black "Sarandos, Vasilios"]
[Result "1/2-1/2"]
[WhiteElo "2187"]
[BlackElo "2236"]
[PlyCount "108"]
[EventDate "2011.07.03"]
[EventType "team-swiss"]
[EventRounds "7"]
[EventCountry "GRE"]
[SourceTitle "CBM 143 Extra"]
[Source "ChessBase"]
[SourceDate "2011.08.29"]
[SourceVersion "1"]
[SourceVersionDate "2011.08.29"]
[SourceQuality "1"]
[WhiteTeam "Peiraikos"]
[BlackTeam "Tzelepis Ikaria"]
[WhiteTeamCountry "GRE"]
[BlackTeamCountry "GRE"]

1. e4 c6 2. Nf3 d5 3. Nc3 Bg4 4. h3 Bxf3 5. Qxf3 e6 6. g3 Nf6 7. Bg2 Nbd7 8. Qe2 d4 9. Nd1 Qb6 10. 0-0 0-0-0 11. d3 Bd6 12. a3 c5 13. b3 Qc7 14. Nb2 h5 15. f4 e5 16. Nc4 Rde8 17. a4 h4 18. g4 exf4 19. Nxd6+ Qxd6 20. Bxf4 Ne5 21. Bh2 Re7 22. Qd2 Nfd7 23. a5 f6 24. Rfb1 Kb8 25. b4 Rc8 26. bxc5 Qxc5 27. Ra2 Ka8 28. Kh1 Nb8 29. Bg1 Rd7 30. Qe1 Nbc6 31. Rb3 Qd6 32. Rb5 Ne7 33. Qb1 Rc5 34. c4 N7c6 35. Rab2 Nxa5 36. Bf1 b6 37. Qa1 Rxb5 38. Rxb5 Nf3 39. Bg2 Qg3 40. e5 Nb7 41. e6 Re7 42. Rxb6 Ne1 43. Rb2 Nxg2 44. Rxg2 Qxh3+ 45. Bh2 Qxd3 46. Qe1 Qxc4 47. Qxh4 Qxe6 48. Qh8+ Re8 49. Qxg7 d3 50. Qh6 Qe4 51. Bf4 Qc6 52. Kh2 Nd8 53. Qh7 Re2 54. Rxe2 dxe2 1/2-1/2

[Event "EU-chT Seniors"]
[Site "Thessaloniki"]
[Date "2011.05.08"]
[Round "6"]
[White "Muratoglu, Salih"]
[Black "Tsomis, Dimitrios"]
[Result "0-1"]
[WhiteElo "2068"]
[BlackElo "2187"]
[PlyCount "84"]
[EventDate "2011.05.03"]
[EventType "team-swiss"]
[EventRounds "9"]
[EventCountry "GRE"]
[SourceTitle "CBM 142 Extra"]
[Source "ChessBase"]
[SourceDate "2011.06.27"]
[SourceVersion "1"]
[SourceVersionDate "2011.06.27"]
[SourceQuality "1"]
[WhiteTeam "Turkey"]
[BlackTeam "Greece"]
[WhiteTeamCountry "TUR"]
[BlackTeamCountry "GRE"]

1. d4 Nf6 2. c4 e6 3. Nf3 c5 4. e3 b6 5. Nc3 Bb7 6. Be2 d6 7. 0-0 Be7 8. dxc5 bxc5 9. a4 Nc6 10. Ne1 0-0 11. Bf3 Rb8 12. a5 Nxa5 13. Bxb7 Rxb7 14. Qf3 Rb8 15. Ra4 Nb3 16. Nd3 Qc7 17. e4 e5 18. Be3 Rb7 19. Rd1 Nd4 20. Bxd4 cxd4 21. Nb5 Qc6 22. Rda1 a5 23. Re1 Bd8 24. b3 Nd7 25. Qg4 g6 26. f4 Nc5 27. Nxc5 Qxc5 28. Rd1 f5 29. exf5 Rxf5 30. fxe5 dxe5 31. Qe4 Rd7 32. Rd3 Rf4 33. Qa8 e4 34. g3 exd3 35. gxf4 Qh5 36. Ra1 d2 37. Qe4 d1Q+ 38. Rxd1 Qxd1+ 39. Kg2 Qg4+ 40. Kh1 Kg7 41. c5 Qf5 42. Qe2 Qd5+ 0-1

[Event "Nikaia op 17th"]
[Site "Nikaia"]
[Date "2009.08.24"]
[Round "4"]
[White "Tsomis, Dimitrios"]
[Black "Kotrotsos, Vasilios"]
[Result "0-1"]
[WhiteElo "2214"]
[BlackElo "2359"]
[PlyCount "80"]
[EventDate "2009.08.22"]
[EventType "swiss"]
[EventRounds "9"]
[EventCountry "GRE"]
[SourceTitle "CBM 132 Extra"]
[Source "ChessBase"]
[SourceDate "2009.11.03"]
[SourceVersion "1"]
[SourceVersionDate "2009.11.03"]
[SourceQuality "1"]

1. e4 c5 2. Nf3 d6 3. d4 cxd4 4. Nxd4 Nf6 5. Nc3 a6 6. Bg5 e6 7. f4 b5 8. e5 dxe5 9. fxe5 Qc7 10. Qe2 Nfd7 11. 0-0-0 Bb7 12. Qg4 Qb6 13. Nf3 h6 14. Bd2 Nc5 15. a3 Nc6 16. Ne4 Nxe4 17. Qxe4 0-0-0 18. Qe1 b4 19. axb4 Nxb4 20. Bxb4 Bxb4 21. Rxd8+ Rxd8 22. c3 Bc5 23. Kc2 Bd5 24. b4 a5 25. b5 Bf2 26. Qe2 Be3 27. Qe1 a4 28. Nd4 Be4+ 29. Kb2 a3+ 30. Kb3 Bd5+ 31. Kc2 Be4+ 32. Kb3 a2 33. Bc4 Bxg2 34. Qxe3 Bxh1 35. Kxa2 Qa5+ 36. Kb3 Bd5 37. Bxd5 Rxd5 38. c4 Rd7 39. Nc6 Qa1 40. Qc5 Rd3+ 0-1